00728nam a2200241 a 4500001001300000003000900013005001700022008004100039020002300080082001300103100002200116245004800138260003100186300000900217500003500226505004100261650001600302700002200318902000800340942000700348952011400355999001700469nice12345678IN_TiNIC20260116014055.0050524s2002 lona grp 000 0 eng  a1843312 c45000a306bPAN aPandey, Gyanendra aAscendancy of the Congress in Uttar Pradesh aLondonbAnthem Pressc2002 a242p aincludes index and biblioraphy2 aGlossary, Bibliography, Notes, Index aCaste-India1 aPandey, Gyanendra bSRS cBK 001040708StackRoom-aHMIbHMId2007-03-30g450.00l0o306 PANp021142r2007-03-30v450.00w2005-05-24yBK c13761d13761